| 000 | 01411cam a22003497a 4500 | ||
|---|---|---|---|
| 999 |
_c528295 _d528295 |
||
| 001 | 13731076 | ||
| 003 | NUST | ||
| 005 | 20190905103606.0 | ||
| 008 | 040927s2002 dcuak b 000 0 eng d | ||
| 010 | _a 2004302603 | ||
| 020 | _a1560511877 | ||
| 035 | _a(OCoLC)ocm51797034 | ||
| 038 | _aMSOHAIL | ||
| 040 |
_aMDT _cMDT _dDLC |
||
| 042 | _alccopycat | ||
| 043 | _an-us--- | ||
| 050 | 0 | 0 |
_aTE220 _b.G787 2002 |
| 082 | 0 | 0 |
_a388.10682 _222 _bAAS |
| 100 |
_aAASHTO _920002 |
||
| 245 | 0 | 2 |
_aA Guide for methods and procedures in contract maintenance _cprepared by the AASHTO Subcommittee on Maintenance. |
| 260 |
_aWashington, D.C. : _bAmerican Association of State Highway and Transportation Officials, _cc1914. |
||
| 300 |
_axix, 62, 32 p. : _bill., forms ; _c28 cm. |
||
| 500 | _a"August 2002." | ||
| 500 | _aThis guide updates two ealier guides published in 1964 and 1987. | ||
| 500 | _a"Book code: GMPC-2."--P. [4] of cover. | ||
| 504 | _aIncludes bibliographical references. | ||
| 650 | 0 |
_aRoads _xMaintenance and repair _xContracting out _zUnited States. _920003 |
|
| 710 | 2 |
_aAmerican Association of State Highway and Transportation Officials. _bSubcommittee on Maintenance. _920004 |
|
| 906 |
_a7 _bcbc _ccopycat _d2 _encip _f20 _gy-gencatlg |
||
| 942 |
_2ddc _cBK |
||